00593nam a2200169Ia 4500008004100000020001500041041000800056082001700064100004900081245008200130250000600212260003400218300001000252650002300262999001900285952011900304210716s2000 xx 000 0 und d a817808046X aeng a005.453 AHOA aAho, Alfred V;Sethi, Ravi;Ullman, Jeffrey D. aCompilers: principles techniques and tools.bPrinciples techniques and tools. a1 aEnglandbAddison Wesleyc2000 ax,796 aCompilers(005.453) c181954d181954 001040708MCAaAIMITbAIMITd2021-07-16eDonatedl0o005.453 AHOApMCA01462r2026-05-23 00:00:00w2021-07-16yBK